Giáo trình thiết bị tuabin nhiệt; T2 Điều chỉnh, vận hành tuabin hơi. Thiết bị tuabin khí

Na minha lista:
Detalhes bibliográficos
Autor principal: Đinh Nguyên Bính
Formato: Livro
Idioma:Undetermined
Publicado em: Hà Nội Trường Đại học Bách khoa Hà Nội 1993
Assuntos:
Tags: Adicionar Tag
Sem tags, seja o primeiro a adicionar uma tag!
Thư viện lưu trữ: Trung tâm Học liệu Trường Đại học Cần Thơ
LEADER 00632nam a2200181Ia 4500
001 CTU_35420
008 210402s9999 xx 000 0 und d
082 |a 621.406 
082 |b B312/T2 
100 |a Đinh Nguyên Bính 
245 0 |a Giáo trình thiết bị tuabin nhiệt; T2 
245 0 |b Điều chỉnh, vận hành tuabin hơi. Thiết bị tuabin khí 
245 0 |c Đinh Nguyên Bính, Nguyễn Đình Phúc 
260 |a Hà Nội 
260 |b Trường Đại học Bách khoa Hà Nội 
260 |c 1993 
650 |a heat 
980 |a Trung tâm Học liệu Trường Đại học Cần Thơ